000 00600nam a2200193Ia 4500
005 20260114185745.0
008 008 260114s9999 xx 000 0 eng d
020 _a9781501365256
037 _aEBOOK
040 _aCRL
_beng
_cCRL
041 _aeng
_2eng
084 _qCRL
100 _aSimona Bertacco and Nicoletta Vallorani
_9874035
245 4 _aThe Relocation of Culture Translations, Migrations, Borders
260 _bBloomsbury
_c2021
856 _uhttps://doi.org/10.5040/9781501365256?locatt=label:secondary_bloomsburyCollections
942 _cEBOOK
999 _c1472971
_d1472971